|
|
|
|
| LEADER |
00000naa a2200000uu 4500 |
| 001 |
vtls010937199 |
| 003 |
SK-MaSNL |
| 005 |
20260302120023.0 |
| 008 |
210902|1998 xo |||||||||||||||||eng| |
| 015 |
|
|
|a SNBRA
|
| 035 |
|
|
|a (urnnbn)urn:nbn:sk:snk:ar-a0b8qd
|
| 035 |
|
|
|a (uuid)57ffc1fb-3b15-47f4-bea6-b7c202d2d659
|
| 035 |
|
|
|a urn:nbn:sk:snk-aau12r
|
| 040 |
|
|
|a SNKBUCL
|b slo
|c SNKBUCL
|e AACR2
|
| 041 |
0 |
|
|a eng
|
| 044 |
|
|
|a xo
|c SK
|
| 100 |
1 |
|
|a Čerňanský, J.
|4 aut
|9 800123
|
| 245 |
1 |
0 |
|a APPLICATION OF THE DIGITAL PHOTOGRAMMETRIC SYSTEM FOR 3-D MEASUREMENT OF THE CONCRETE WALLS OF THE BRIDGE
|c J. Čerňanský
|
| 773 |
0 |
|
|t INGEO '98
|d Bratislava : [Slovenská technická univerzita], 1998, 1998
|g S. 145-150
|z 8022711209
|
| 958 |
|
|
|a OND
|
| 958 |
|
|
|a article11
|
| 958 |
|
|
|a chapter
|
| 999 |
|
|
|c 1267421
|d 1269351
|